000 00656nam a22001577a 4500
003 OSt
005 20151112112011.0
008 151112b xxu||||| |||| 00| 0 eng d
040 _cRUA
082 _aFOR CHH 2004 B130 Or.1
100 _93598
_aCHHOY, SOKNOV.
245 _astudy on land encroachment for cultivation in dombe district kom pongcham province (សិក្សាពីការរុករានដីព្រៃដើម្បីធ្វើកសិកម្មនៅស្រុុកតំបែរ​ ខេត្តកំពង់ចាម)
_b
260 _aPhnom Penh
_bRUA
_c2004
300 _avii, 46p.
_bill.
_c29cm.
942 _2ddc
_cFOR
999 _c3349
_d3349